00318nam a22000977a 4500008004100000082001900041245009100060260004600151300001000197440001300207230606b xxu||||| |||| 00| 0 eng d a338.96005bADR aAfrican Development ReviewbRevue Africaine de developpementcAfrican Development Bank aSingaporebAfrican Development Bankc2006 a255 p x10176772